[Event "POL-chT Region 0607"]
[Site "Poland"]
[Date "2007.01.14"]
[Round "5"]
[White "Majdan, Damian"]
[Black "Michalak, Krzysztof"]
[Result "0-1"]
[WhiteElo "1800"]
[BlackElo "1400"]
[PlyCount "70"]
[EventDate "2006.11.12"]
[EventType "team"]
[EventRounds "11"]
[EventCountry "POL"]
[SourceTitle "EXT 2008"]
[Source "ChessBase"]
[SourceDate "2007.11.25"]
[SourceVersion "1"]
[SourceVersionDate "2007.11.25"]
[SourceQuality "1"]

1. Nf3 d6 2. b3 e5 3. d3 f5 4. e4 Nf6 5. Nbd2 Be7 6. Be2 0-0 7. Bb2 fxe4 8. Nxe4 Nxe4 9. dxe4 Bg4 10. Qd5+ Kh8 11. Qxb7 Nd7 12. h3 Nc5 13. Qd5 Be6 14. Qd1 Nxe4 15. c4 c6 16. Qc2 Qa5+ 17. Kf1 Nf6 18. Bd3 Rad8 19. Ng5 Bg8 20. Bc3 Qc7 21. Re1 h6 22. Nf3 Bh7 23. Bxh7 Nxh7 24. c5 Bf6 25. cxd6 Qxd6 26. Bxe5 Bxe5 27. Nxe5 Rf6 28. Nc4 Qf4 29. h4 Rdf8 30. Re2 Qd4 31. Rh3 Rf4 32. Rd3 Rxh4 33. g3 Qa1+ 34. Rd1 Rh1+ 35. Kg2 Qxd1 0-1

[Event "POL-chT Region 0607"]
[Site "Poland"]
[Date "2006.11.12"]
[Round "1"]
[White "Kwiatkowski, Jaroslaw"]
[Black "Majdan, Damian"]
[Result "0-1"]
[WhiteElo "1600"]
[BlackElo "1800"]
[PlyCount "114"]
[EventDate "2006.11.12"]
[EventType "team"]
[EventRounds "11"]
[EventCountry "POL"]
[SourceTitle "EXT 2008"]
[Source "ChessBase"]
[SourceDate "2007.11.25"]
[SourceVersion "1"]
[SourceVersionDate "2007.11.25"]
[SourceQuality "1"]

1. d4 Nf6 2. c4 g6 3. Nc3 d5 4. Nf3 Bg7 5. e3 0-0 6. Bd3 c5 7. 0-0 Bg4 8. cxd5 cxd4 9. exd4 Nxd5 10. Be2 Nc6 11. Nxd5 Qxd5 12. Be3 Rad8 13. h3 Bf5 14. Qb3 Qxb3 15. axb3 Bxd4 16. Nxd4 Nxd4 17. Bxd4 Rxd4 18. Rxa7 Rb4 19. Bf3 Rxb3 20. Bxb7 Rxb2 21. Re1 e6 22. Be4 Bxe4 23. Rxe4 Rfb8 24. Re3 R8b5 25. Rf3 Rf5 26. Rxf5 gxf5 27. Kf1 Kg7 28. Re7 Kf6 29. Re8 e5 30. Rh8 Kg7 31. Re8 f6 32. Ke1 f4 33. Kf1 h5 34. Re7+ Kg6 35. Re8 Rb5 36. Rg8+ Kf7 37. Ra8 e4 38. Ra4 f5 39. Ra7+ Kf6 40. Ra6+ Kg5 41. Ra3 Rb1+ 42. Ke2 Rg1 43. h4+ Kxh4 44. Rh3+ Kg5 45. Rh2 Ra1 46. Rh3 Ra2+ 47. Kf1 Kg4 48. f3+ Kg5 49. fxe4 fxe4 50. Rb3 e3 51. Rb5+ Kg4 52. Rb8 Ra5 53. Rg8+ Rg5 54. Ra8 Kg3 55. Ra3 h4 56. Kg1 h3 57. gxh3 Kxh3+ 0-1

[Event "KPZS-ch"]
[Site "Sepolno Kraj"]
[Date "2006.06.28"]
[Round "7"]
[White "Budnik, Kazimierz"]
[Black "Majdan, Damian"]
[Result "0-1"]
[WhiteElo "1800"]
[BlackElo "1800"]
[PlyCount "110"]
[EventDate "2006.06.24"]
[EventType "swiss"]
[EventRounds "9"]
[EventCountry "POL"]
[SourceTitle "EXT 2007"]
[Source "ChessBase"]
[SourceDate "2006.11.23"]
[SourceVersion "1"]
[SourceVersionDate "2006.11.23"]
[SourceQuality "1"]

1. e4 c6 2. d4 d5 3. e5 Bf5 4. Nf3 e6 5. c3 Qb6 6. Nh4 Bg6 7. Bd3 Bxd3 8. Qxd3 c5 9. 0-0 Nc6 10. Nf3 Nge7 11. dxc5 Qxc5 12. Be3 Qa5 13. b4 Qc7 14. Re1 Ng6 15. Nbd2 Be7 16. Nb3 0-0 17. Qd2 Ncxe5 18. Nxe5 Nxe5 19. Bf4 Bd6 20. Qe3 Nc4 21. Bxd6 Qxd6 22. Qe2 Rac8 23. Rac1 Rc7 24. Nd4 a6 25. a4 Rfc8 26. a5 Qf4 27. g3 Qf6 28. Qd3 Ne5 29. Qe3 Nc6 30. Ne2 Ne7 31. Red1 Nf5 32. Qd3 h5 33. h4 g5 34. hxg5 Qxg5 35. Kf1 h4 36. gxh4 Nxh4 37. Qh3 Kf8 38. Rd4 Nf5 39. Rg4 Qh6 40. Qg2 Ke7 41. Ke1 Rh8 42. Kd1 Qh1+ 43. Qxh1 Rxh1+ 44. Ng1 Nd6 45. Ke2 Ne4 46. c4 Nf6 47. Rd4 dxc4 48. Kf3 c3 49. Kg2 Rh8 50. Ne2 Nd5 51. Rd3 Rhc8 52. Kf1 c2 53. Nd4 Nxb4 54. Re3 Na2 55. Nf5+ Kf8 0-1